000 00466nam a2200121 a 4500
008 120416s9999 xx |||||||||||||| || u
050 _aBL 2480.M3 Dan
100 _aDaneel, M. L
245 1 4 _aThe God of the Matopo Hills
246 _aan essay on the Mwari cult in Rhodesia
350 _a0.00
995 _D0.00
_FCBU-MAIN LIBRARY (Kitwe)
_H1
_I0.00
_M1
_UAVAILABLE
_WAug 1, 2006
_ZMain Library Open Access Collection
999 _c44768
_d44768